[Event "Olomoucke sachove leto Open Olomouc"]
[Site "Olomouc"]
[Date "2015.08.22"]
[Round "9.10"]
[White "Valenta, Vit"]
[Black "Navratil-Sen., Jiri"]
[Result "1-0"]
[WhiteElo "2142"]
[BlackElo "2062"]
[PlyCount "117"]
[EventDate "2015.08.15"]

1. e4 c5 2. Nc3 e6 3. g3 Nc6 4. Bg2 Be7 5. f4 h5 6. d3 Nd4 7. Nge2 Nxe2 8. Qxe2
d6 9. b3 Rb8 10. a4 Bd7 11. Bb2 Nf6 12. e5 dxe5 13. fxe5 Ng4 14. h3 Nh6 15.
Qxh5 g6 16. Qe2 Nf5 17. Ne4 Bc6 18. Kf2 Rh7 19. Nf6+ Bxf6 20. Bxc6+ bxc6 21.
exf6 Nd4 22. Qe4 Qxf6+ 23. Kg2 Qf5 24. Qxf5 exf5 25. Rhe1+ Kd7 26. Bxd4 cxd4
27. Re5 f6 28. Ra5 Kd6 29. Re1 Rbh8 30. h4 f4 31. Re4 fxg3 32. Rxd4+ Ke6 33.
Kxg3 g5 34. Rc5 Rxh4 35. Rxc6+ Ke5 36. Rxh4 Rxh4 37. Rc5+ Kd4 38. Rc7 f5 39.
Rxa7 f4+ 40. Kg2 Ke3 41. Re7+ Kd2 42. b4 Kxc2 43. b5 f3+ 44. Kxf3 Rxa4 45. Ke3
Rb4 46. Re5 g4 47. Re4 Rxb5 48. Rxg4 Re5+ 49. Re4 Rh5 50. Kd4 Rh8 51. Re2+ Kb3
52. Re5 Rh4+ 53. Re4 Rh8 54. Ke3 Rh3+ 55. Kd2 Rh2+ 56. Re2 Rxe2+ 57. Kxe2 Kb4
58. Ke3 Kc5 59. Ke4 1-0

[Event "Olomoucke sachove leto Open Olomouc"]
[Site "Olomouc"]
[Date "2015.08.22"]
[Round "9.11"]
[White "Balokas, Dimitrios"]
[Black "Stelter, Carsten"]
[Result "1-0"]
[WhiteElo "2122"]
[BlackElo "1911"]
[PlyCount "69"]
[EventDate "2015.08.15"]

1. d4 d5 2. c4 c6 3. Nf3 e6 4. g3 Nf6 5. Bg2 dxc4 6. O-O Qc7 7. Bf4 Bd6 8. Bxd6
Qxd6 9. Ne5 b5 10. a4 Ba6 11. axb5 Bxb5 12. Na3 Qb4 13. Nxb5 Qxb5 14. Qa4 Nd5
15. Nxc4 Qxa4 16. Rxa4 Nd7 17. Rfa1 O-O 18. Rxa7 Rxa7 19. Rxa7 N7f6 20. Ne5 Nb4
21. Nxc6 Nxc6 22. Bxc6 Rb8 23. b4 Kf8 24. b5 Nd5 25. Bxd5 exd5 26. Ra5 Rb7 27.
Kf1 Ke7 28. Ke1 Kd7 29. Kd2 Rb6 30. Kc3 Rh6 31. Ra7+ Ke8 32. Kb4 Rxh2 33. b6
Kd8 34. Ra8+ Kd7 35. b7 1-0

[Event "Olomoucke sachove leto Open senioru"]
[Site "Olomouc"]
[Date "2015.08.22"]
[Round "9.1"]
[White "Prachar, Josef"]
[Black "Pokora, Lubomir"]
[Result "1/2-1/2"]
[WhiteElo "1899"]
[BlackElo "1862"]
[PlyCount "22"]
[EventDate "2015.08.15"]

1. d4 d6 2. c4 e5 3. Nf3 e4 4. Ng5 f5 5. Nc3 Be7 6. h4 Nf6 7. g3 c6 8. Nh3 Be6
9. e3 O-O 10. Nf4 Bf7 11. Bd2 Nbd7 1/2-1/2

[Event "Olomoucke sachove leto Open senioru"]
[Site "Olomouc"]
[Date "2015.08.22"]
[Round "9.2"]
[White "Vik, Joergen"]
[Black "Heppell, Ian"]
[Result "0-1"]
[WhiteElo "1881"]
[BlackElo "2092"]
[PlyCount "44"]
[EventDate "2015.08.15"]

1. d4 d6 2. Nf3 Bg4 3. e3 Nd7 4. Be2 e6 5. c4 c6 6. Nc3 d5 7. cxd5 exd5 8. O-O
Ngf6 9. Qc2 Be7 10. b3 O-O 11. Bb2 Re8 12. h3 Bh5 13. Nd2 Bxe2 14. Nxe2 Bd6 15.
Nf3 Ne4 16. Nc1 Re6 17. Nd3 Rg6 18. b4 Qf6 19. Nde5 Bxe5 20. Nxe5 Nxe5 21. dxe5
Qf3 22. g3 Nxg3 0-1

[Event "Olomoucke sachove leto Open senioru"]
[Site "Olomouc"]
[Date "2015.08.22"]
[Round "9.5"]
[White "Kolmas, Oldrich"]
[Black "Oral, Josef"]
[Result "0-1"]
[WhiteElo "1949"]
[BlackElo "1826"]
[PlyCount "85"]
[EventDate "2015.08.15"]

1. e4 e5 2. d4 exd4 3. Qxd4 Nc6 4. Qe3 b6 5. Bd2 Bc5 6. Qg3 Bd4 7. Bc3 Qf6 8.
Nf3 Nge7 9. e5 Bxc3+ 10. Nxc3 Qg6 11. O-O-O Qxg3 12. hxg3 Ng6 13. Nb5 Kd8 14.
Ng5 Ncxe5 15. f4 h6 16. Ne4 Nc6 17. Bc4 Rf8 18. Rhe1 a6 19. Nd4 Nxd4 20. Rxd4
Bb7 21. Red1 Bxe4 22. Rxe4 Ne7 23. Rde1 Nf5 24. Bxf7 Nd6 25. Bd5 c6 26. Bc4
Nxe4 27. Rxe4 Re8 28. Bd3 Rxe4 29. Bxe4 Kc7 30. Kd2 Re8 31. Bf3 Rf8 32. Ke3 Rf5
33. g4 Ra5 34. a3 Rc5 35. Be4 a5 36. f5 Re5 37. Kf4 Re8 38. g5 hxg5+ 39. Kf3 d5
40. Bd3 b5 41. Kg4 Kb6 42. Kxg5 c5 43. b3 0-1

[Event "Olomoucke sachove leto Open senioru"]
[Site "Olomouc"]
[Date "2015.08.22"]
[Round "9.7"]
[White "Fiser, Milos"]
[Black "Kearsley, Raymond"]
[Result "1-0"]
[WhiteElo "1801"]
[BlackElo "1730"]
[PlyCount "53"]
[EventDate "2015.08.15"]

1. d4 d5 2. Nf3 Bf5 3. Bg5 Nf6 4. Bxf6 exf6 5. e3 Bd6 6. c4 c6 7. a3 Nd7 8. Nc3
dxc4 9. Bxc4 O-O 10. O-O Nb6 11. Ba2 Qe7 12. Rc1 Rfd8 13. Qe2 Rac8 14. Rfd1 Bb8
15. Nh4 Be6 16. Bb1 Qd7 17. Qc2 g6 18. Ne4 Qe7 19. g3 g5 20. Nc5 f5 21. Nxf5
Qf6 22. Ne7+ Kf8 23. Nxc8 Nxc8 24. Qxh7 Bg4 25. Re1 Ke7 26. Qe4+ Be6 27. Nxe6
1-0

[Event "Olomoucke sachove leto Open senioru"]
[Site "Olomouc"]
[Date "2015.08.22"]
[Round "9.9"]
[White "Kasparek, Jiri"]
[Black "Plachy, Josef"]
[Result "1/2-1/2"]
[WhiteElo "1833"]
[BlackElo "1679"]
[PlyCount "69"]
[EventDate "2015.08.15"]

1. e4 e5 2. Nf3 Nf6 3. Nc3 d6 4. h3 Nc6 5. Bb5 Bd7 6. O-O a6 7. Ba4 Be7 8. a3
O-O 9. d3 Nb8 10. Bb3 c5 11. a4 Nc6 12. Nd5 Nd4 13. Nxe7+ Qxe7 14. Bc4 Nxf3+
15. Qxf3 b5 16. axb5 axb5 17. Rxa8 Rxa8 18. Bb3 Be6 19. Bxe6 Qxe6 20. Bg5 Ne8
21. b3 b4 22. Qe2 f6 23. Bh4 Ra2 24. Bg3 Qxb3 25. Rc1 Qa3 26. Qd1 Qc3 27. f4
Qa3 28. fxe5 dxe5 29. Bf2 Qa5 30. c3 bxc3 31. Qb3+ Kh8 32. Rxc3 Ra1+ 33. Kh2
Qa2 34. Qb8 Qa8 35. Qb6 1/2-1/2